Memoria sobre los principales sucesos de la Revolución de Chile desde 1810 hasta 1814

Bewaard in:
Bibliografische gegevens
Hoofdauteur: Matta Vial, Enrique (autor)
Andere auteurs: Mackenna O'Reilly, Juan (autor)
Formaat: Boek
Taal:Spaans
Gepubliceerd in: Santiago Imprenta Cervantes, Bandera, 46 1900
Editie:1a. ed
Reeks:Colección de Historiadores i de Documentos relativos a la Independencia de Chile, II
Onderwerpen:
Tags: Voeg label toe
Geen labels, Wees de eerste die dit record labelt!

MARC

LEADER 00000nam a2200000 a 4500
001 UCJ7877
003 CL-VaPUC
005 20241018123451.0
008 070124e19000000CL |||||||||||||||||spa|d
999 |c 323742  |d 323740 
040 |c Pontificia Universidad Católica de Valparaíso 
082 0 4 |a 983  |b MAT  |2 21 
100 |a Matta Vial, Enrique  |e autor  |9 516430 
245 1 0 |a Memoria sobre los principales sucesos de la Revolución de Chile desde 1810 hasta 1814 
246 1 0 |a Informe del Brigadier Don Juan Mackenna sobre la conducta militar de los Carreras, etc 
250 |a 1a. ed 
260 |a Santiago  |b Imprenta Cervantes, Bandera, 46  |c 1900 
300 |a xv, 369 p 
490 0 |a Colección de Historiadores i de Documentos relativos a la Independencia de Chile, II 
583 |a last modification  |c 20070124 00:00:00  |k Rodrigo Vera 
600 0 |a Carrera, José Miguel  |9 316043 
600 0 7 |a GAINZA, GAVINO  |2 CL-VaPUC  |9 516315 
600 0 |a O'higgins Riquelme, Bernardo  |9 387808 
650 0 |a Historia de Chile  |9 265473 
650 0 |a Guerra de la independencia   |9 331979 
650 7 |a CAMPAÑAS MILITARES  |2 CL-VaPUC  |9 437721 
650 7 |a GUERRAS CIVILES  |2 CL-VaPUC  |9 361938 
650 7 |a DIARIO  |2 CL-VaPUC  |9 441581 
650 7 |a MEMORIAS  |2 CL-VaPUC  |9 269159 
650 0 |a Fuentes Históricas  |9 265141 
651 0 |a Santiago  |9 265444 
651 0 |a Talca  |9 265150 
651 0 |a Concepción  |9 254982 
700 |a Mackenna O'Reilly, Juan  |e autor  |9 861767 
942 |c BK  |2 ddc 
945 |d 20070124 00:00:00  |a rinostro 
952 |0 0  |1 0  |4 0  |6 983_000000000000000_MAT_1900  |7 0  |8 X  |9 403523  |a FDOBUD  |b FDOBUD  |d 2019-11-22  |i 1018744  |o 983 MAT 1900  |p 1018744  |r 2019-11-22  |w 2019-11-22  |y BK_X  |k BUD